• 首页
  • 本馆介绍
  • 公告通知
  • 最新文献
  • 馆藏检索
  • 电子资源
  • 读者导购
  • 参考咨询
  • 我的图书馆
  • 登录
  • 详细信息显示
  • 放入我的书架
  • 预约/预借图书
  • 作者相关作品
  • 分类相关作品
  • 丛书相关作品
  • 出版社相关作品

书目信息

  • 表格格式
  • 工作单格式
  • 卡片格式
题名:
数字图书馆
    
 
作者: 吴志荣著
分册:  
出版信息: 上海   学林出版社  2000
页数: 200页
开本: 20cm
丛书名:
单 册:
中图分类: G250.76
科图分类:
主题词: 图书馆学 , 图书馆事业
电子资源:
ISBN: 7-80616-937-7
000 00549Pam2 2200205 45
001 JMS0000033
005 20070728162313.90
010    @a7-80616-937-7@dCNY22.00
100    @a20030410d2000 ekmy1chiy0120 ea
101 0  @achi
102    @aCN@b310000
200  1 @a数字图书馆@e从理念走向现实@f吴志荣著
210    @a上海@c学林出版社@d2000
215    @a200页@d20cm
517 1  @a从理念走向现实@Acong li nian zou xiang xian shi
606 0  @a图书馆学
606 0  @a图书馆事业
690    @aG250.76@v3
801  0 @bTSSF@c20070728
905    @a10447@dG250.76@e118
    
    数字图书馆:从理念走向现实/吴志荣著.-上海:学林出版社,2000
    200页;20cm
    
    
    ISBN 7-80616-937-7:CNY22.00
    
●
相关链接 在E读中查询图书 在五车中查询图书 在当当中查询图书 在豆瓣中查询图书


正题名:数字图书馆     索取号:G250.76/118         预约/预借

序号 登录号 条形码 馆藏地/架位号 状态 备注
1 0784748   207847482   第四借阅区/ [索取号:G250.76/118] 在馆    
2 0784749   207847491   第四借阅区/ [索取号:G250.76/118] 在馆    
3 0784750   207847507   第四借阅区/ [索取号:G250.76/118] 在馆    
4 0784751   207847516   第四借阅区/ [索取号:G250.76/118] 在馆    
5 0784752   207847525   第四借阅区/ [索取号:G250.76/118] 在馆    
6 0784753   207847534   第四借阅区/ [索取号:G250.76/118] 在馆    
7 0785031   207850315   第四借阅区/ [索取号:G250.76/118] 在馆    
唐山师范学院图书馆 欢迎您!
大连网信软件有限公司© 版权所有